000
00313nam a22001337a 4500
008
260210b ||||| |||| 00| 0 eng d
020
_a
9788899358709
041
_a
eng
080
_a
12133
100
_a
20
101
_a
ital
245
_a
La Divina Commedia
_c
Marco Marino , Domenico Palumbo
942
_2
lcc
_c
BK
999
_c
60761
_d
60761